| 000 | 00000nam##2200000za#4500 |
| 001 | 9.695820 |
| 003 | CaOODSP |
| 005 | 20210624234741 |
| 007 | cr ||||||||||| |
| 008 | 150407|2002||||xxc|||||o f|0| 0 eng|d |
| 040 | |aCaOODSP|beng |
| 043 | |an-cn--- |
| 086 | 1 |aE94-325/2002E-PDF |
| 110 | 1 |aCanada.|bCanadian International Development Agency. |
| 245 | 10|aCIDA takes action against HIV/AIDS around the world |h[electronic resource] |
| 260 | |aHull - Quebec : |bCanadian International Development Agency |cJune 2002. |
| 300 | |a36p.|bphotographs |
| 500 | |aThe catalogue number (E94-325/2002E) and ISBN (0-662-32401-3) for the print edition have been incorrectly copied in this electronic publication. |
| 520 | 3 |aThis report outlines the global incidence of HIV/AIDS as well as the medical, social and development-related complexities of treating the disease. It highlights the Canadian International Development Agency’s HIV/AIDS efforts in the areas of prevention; community capacity-building; care, treatment and support; human rights and HIV/AIDS; vulnerable populations; political commitment and leadership; and research and development. This report also mentions a cross-section of smaller CIDA-funded initiatives to fight AIDS around the world. |
| 590 | |a12-16-Supp|b2012-04-17 |
| 690 | 07|aAIDS (disease)|2gcpds |
| 690 | 07|aForeign aid|2gcpds |
| 690 | 07|aInternational organizations|2gcpds |
| 775 | 08|tL'ACDI lutte contre le VIH/sida aux quatre coins du monde |w(CaOODSP)9.639911 |
| 776 | 0#|tCIDA takes action against HIV/AIDS around the world |w(CaOODSP)9.648583 |
| 856 | 40|ahttp://publications.gc.ca|qPDF|s856 KB|uhttps://publications.gc.ca/collections/Collection/E94-325-2002E.pdf |